00351nam a2200121Ia 450000500170000000800410001708200160005810000200007424500390009426000380013330000120017150000460018320240618015934.0240331s9999 xx 000 0 und d bGANa891.48 aGanesalingan, S 0aKillakkum metkumcS. Ganeshalingan aChennaibKumaran Publishersc2006 a223 p., aA Social Novel in Tamil ( East and West)